| 000 | 00882nam a2200253 i 4500 | ||
|---|---|---|---|
| 001 | bgj | ||
| 100 | 1 |
_aTOLSTOI, Peter [Andreevich] _d(1645-1729) |
|
| 245 | 1 | 0 |
_aThe Travel Diary of Peter Tolstoi : _ba Muscovite in early modern Europe / _cPeter Tolstoi ; translated by Max J. Okenfuss. |
| 260 |
_aDeKalb, Il : _bNorthern Illinois University Press, _c1987. |
||
| 300 |
_a[XXXIX], 359 pp : _bill. ; _c25 cm. |
||
| 504 | _aBibliography p. 341-344. | ||
| 505 | _aIncludes index. | ||
| 600 | 1 | 9 |
_aTolstoi, Petr Andreevich, graf, 1645-1729 _xJourneys |
| 650 | 9 |
_aStatesmen _zSoviet Union |
|
| 651 | 9 |
_aEurope _xDescription and travel _y17th-18th centuries |
|
| 655 | _aBiographies | ||
| 700 | 1 |
_aOKENFUSS, Max J. _etransl. |
|
| 020 | _a0875801307 | ||
| 040 | _cBPK | ||
| 041 | 0 |
_aeng _hrus |
|
| 920 | _a0-87580-130-7 | ||
| 942 | _cKS | ||
| 008 | s uk f |000 0 eng | ||
| 999 |
_c47704 _d47704 |
||
| 856 |
_uhttp://koha.tu.koszalin.pl/cgi-bin/koha/opac-detail.pl?biblionumber=47704 _yKatalog online BPK |
||